Statistics for Country Subdivisions larger than 1,000,000 km²

Click here to take the quiz!

General Stats

  • This quiz has been taken 42 times
  • The average score is 12 of 17

Answer Stats

CountryArea (km²)Answer% Correct
U.S.A1,717,854Alaska
89%
Denmark2,166,086Greenland
89%
Australia1,420,968Northern Territory
86%
Canada1,534,056Quebec
86%
Australia2,645,615Western Australia
86%
Australia1,852,642Queensland
83%
Canada1,076,395Ontario
81%
Australia1,043,514South Australia
81%
China1,228,400Tibet
78%
Canada1,346,106Northwest Territories
75%
China1,183,000Inner Mongolia
72%
Canada2,093,190Nunavut
72%
Brazil1,570,974Amazonas
69%
Russia3,103,200Sakha Republic
50%
Russia2,339,700Krasnoyarsk Krai
39%
China1,660,000Xinjiang
39%
Brazil1,253,164Pará
33%

Score Distribution

Percentile by Number Answered

Percent of People with Each Score

Your Score History

You have not taken this quiz